| 000 | 00630nam a2200121Ia 4500 | ||
|---|---|---|---|
| 008 | 171212s9999 xx 000 0 und d | ||
| 100 | _aHarris, Jay | ||
| 245 |
_cHarris, Jay _aNachman Krochmal _bGuiding the Perplexed of the Modern Age |
||
| 260 |
_bNew York University Press _c1991 |
||
| 650 | _aKrochmal, Nachman, 1785–1840. Moreh nevukhe ha-zeman; Judaism -- History -- Philosophy; Philosophy, Jewish; Krochmal, Nachman, 1785–1840 -- Contributions in Biblical interpretation; Bible. O.T. -- Criticisms, interpretation, etc., Jewish -- History -- 19t | ||
| 650 | _aReligion | ||
| 856 | _uhttp://www.jstor.org/stable/j.ctt9qfxr3 | ||
| 999 |
_c351545 _d351545 |
||